00350nam a2200133Ia 4500008004100000041000800041082001500049100001700064245004500081250001400126260003900140300003200179365000500211240624s9999 xx 000 0 und d aeng a332.12 GUP aGUP BENTON E aCOMMERCIAL BANKING THE MANAGEMENT OF RIS a(3rd ed.) c2005aSingaporebJohn Wiley & Sons axxix, : 548 : p. : cm. ; 23 c